|
|
|
|
| LEADER |
00798nab a2200217 i 4500 |
| 001 |
publ8723 |
| 005 |
20190606155708.0 |
| 008 |
170115s2012 hu o 0|| angol d |
| 022 |
|
|
|a 1587-5903
|
| 024 |
7 |
|
|a 2163378
|2 mtmt
|
| 040 |
|
|
|a SZTE Publicatio Repozitórium
|b hun
|
| 041 |
|
|
|a angol
|
| 100 |
1 |
|
|a Csépe Zoltán
|
| 245 |
1 |
0 |
|a Association between extreme daily pollen concentrations for Szeged, Hungary and previous-day meteorological elements
|h [elektronikus dokumentum] /
|c Csépe Zoltán
|
| 260 |
|
|
|c 2012
|
| 300 |
|
|
|a 73-81
|
| 490 |
0 |
|
|a ACTA CLIMATOLOGICA ET CHOROLOGICA
|v 46
|
| 700 |
0 |
1 |
|a Matyasovszky István
|e aut
|
| 700 |
0 |
1 |
|a Makra László
|e aut
|
| 700 |
0 |
1 |
|a Sümeghy Zoltán
|e aut
|
| 856 |
4 |
0 |
|u http://publicatio.bibl.u-szeged.hu/8723/1/2012_ACTA_46_p07_Csepe_et_al_3.pdf
|z Dokumentum-elérés
|